LEADER 00950nam a2200205 i 4500 001 000000198580 003 CaOOAMICUS 005 20200608094453.0 008 110307s1947 be u000 u fre u 013 $a177268 040 $aSeMil$bita 245 10$a1: Correspondance de Jansénius /$cpar Jean Orcibal. 300 $aXXV, 647 p., 1 carta di tav. :$bfacs. ;$c26 cm 700 1 $aOrcibal, Jean.$0(OLS)http://semarc/name/8662 773 0 $aOrcibal, Jean$tOrigines du Jansénisme.$dLouvain : Bibliothèque de l'Université ; Paris : J. Vrin, 1947-1962.$kBibliothèque de la Revue d'histoire ecclésiastique$g1$w()24504 830 0$aBibliothèque de la Revue d'histoire ecclésiastique ;$v25.$0(OLS)http://semarc/title/19830 850 $aSeMil 852 $aSeMil$W1$xVenegono$y1$m3F IV 739$j243616$B149136$CSeMilBibl$Z2$F160541 $81 996 $6245$a1: Correspondance de Jansénius$9(OLS)http://semarc/title/286998 LEADER 01318nam a2200301 i 4500 001 000000093774 003 CaOOAMICUS 005 20080225000000.0 008 080225s1977 it u000 u ita u 013 $a66016 040 $aSeMil$bita 100 1 $aRomussi, Carlo,$d<1847-1913>.$0(OLS)http://semarc/name/89959 245 10$aMilano che sfugge :$b(1889) /$cCarlo Romussi ; disegni e incisioni di D. Aspari [et al.]. 260 $aMilano :$bDe Carlo,$c1977. 300 $a119 p. :$bill. ;$c25 cm. 490 0 $aCollezione milanese ;$v3 500 $aNell'occhietto: Le cento Italie. - Fondo Card. Giovanni Colombo. 650 4$aMilano - Storia.$0(OLS)http://semarc/subject/766 650 4$aMilano - Tradizioni locali.$0(OLS)http://semarc/subject/16807 650 4$aMilano - Usi e costumi.$0(OLS)http://semarc/subject/9041 700 1 $aAspari, Domenico,$c.$0(OLS)http://semarc/name/24497 830 0$aCollezione milanese ;$v3.$0(OLS)http://semarc/title/25272 850 $aSeMil 852 $aSeMil$W1$xVenegono$y1$m3O II 101/A$j55977$B55977$CSeMilBibl$Z2$F61375 $81 941 1 $a3 961 $aLascito: Colombo Card. Giovanni 996 $6245$aMilano che sfugge :$b(1889)$9(OLS)http://semarc/title/139288 996 $6260$aMilano :$bDe Carlo$9(OLS)http://semarc/publisher/34220 LEADER 01123nam a2200289 i 4500 001 000000108982 003 CaOOAMICUS 005 20021021000000.0 008 021021s1997 it u000 u ita u 013 $a81662 020 $a88-7767-216-1 040 $aSeMil$bita 100 1 $aDoni, Rodolfo,$d<1919-2011>.$0(OLS)http://semarc/name/8258 245 10$aDialogo sull'Aldilà con il figlio Lorenzo /$cRodolfo Doni. 260 $aFirenze :$bGiunti,$ccopyr. 1997. 300 $a152 p. ;$c22 cm. 490 0 $aCamunia 500 $aIn preliminari : Dedica autografa dell'Autore. - Fondo Card. C.M. Martini. 650 4$aAldilà.$0(OLS)http://semarc/subject/8152 830 0$aCamunia.$0(OLS)http://semarc/title/10163 850 $aSeMil 852 $aSeMil$W1$xVenegono$y1$m1C VI 4$j65016$B65016$CSeMilBibl$Z2$F86848 $81 941 1 $a4 961 $aOmaggio: Martini Card. Carlo Maria 996 $6020$a88-7767-216-1$9(OLS)http://semarc/number/90145 996 $6245$aDialogo sull'Aldilà con il figlio Lorenzo$9(OLS)http://semarc/title/158129 996 $6260$aFirenze :$bGiunti$9(OLS)http://semarc/publisher/30127 LEADER 01368nam a2200313 i 4500 001 000000222741 003 CaOOAMICUS 005 20130924000000.0 008 130924s2005 it u000 u ita u 013 $a201638 020 $a88-498-1175-6 040 $aSeMil$bita 100 1 $aPani, Giancarlo.$0(OLS)http://semarc/name/32847 245 10$aPaolo, Agostino, Lutero :$balle origini del mondo moderno /$cGiancarlo Pani. 260 $aSoveria Mannelli :$bRubbettino,$c2005. 300 $a282 p. ;$c22 cm. 500 $aFondo card. C. M. Martini. 600 04$aAgostino, Aurelio .$0(OLS)http://semarc/subject/1856 600 04$aPaolo .$0(OLS)http://semarc/subject/1316 600 14$aLutero, Martin <1483-1546>.$0(OLS)http://semarc/subject/3365 650 4$aCristianesimo e modernità.$0(OLS)http://semarc/subject/13340 650 4$aCultura e modernità.$0(OLS)http://semarc/subject/14976 850 $aSeMil 852 $aSeMil$W1$xVenegono$y1$m3A I 75$j173087$B173087$CSeMilBibl$Z2$F185765 $81 941 1 $a4 961 $aLascito: Martini Card. Carlo Maria 996 $6020$a88-498-1175-6$9(OLS)http://semarc/number/222396 996 $6245$aPaolo, Agostino, Lutero :$balle origini del mondo moderno$9(OLS)http://semarc/title/319356 996 $6260$aSoveria Mannelli :$bRubbettino$9(OLS)http://semarc/publisher/32145 LEADER 00525naa a2200145 i 4500 001 000000295136 003 CaOOAMICUS 005 20180831172520.0 008 180831n xx u000 u und u 013 $a2432 040 $aSeMil$bita 100 1 $aScaparro, Fulvio.$0(OLS)http://semarc/name/45689 245 10$aIn memoria di Ania e Pawel. 773 0 $aLagorio, Gina <1922-2005>$tDecalogo di Kieslowski.$dCasale Monferrato (AL) : Piemme, 1992.$z88-384-1634-6$w()46643 996 $6245$aIn memoria di Ania e Pawel$9(OLS)http://semarc/title/371199 LEADER 01480nam a2200265 i 4500 001 000000241566 003 CaOOAMICUS 005 20240418114652.0 008 150506s19011903it u000 u ita u 040 $aSeMil$bita 245 00$aDemocrazia Cristiana. 264 1$aTorino :$bTipografia salesiana,$c1901-1903. 300 $av. (numerazione varia) ;$c18 cm. 500 $aContiene articoli e stralci di giornale rilegati insieme : La Democrazia Cristiana inculcata dal card. arc. di Torino ; Contraddittorio Murri-Bertelli tenuto in Sesto fiorentino (11 agosto 1901) ; Matrimonio e Divorzio a proposito dell'attuale progetto ministeriale /G. Ballerini ; Ai veri e schietti cattolici ; [Giordano Bruno] ; La cremazione / don Angelo Colombo 500 $aTitolo ricavato dal dorso 600 14$aBruno, Giordano <1548-1600>.$0(OLS)http://semarc/subject/2312 650 4$aDivorzio.$0(OLS)http://semarc/subject/5893 650 4$aMatrimonio.$0(OLS)http://semarc/subject/833 650 4$aMurri, Romolo <1870-1944> - [contraddittorio con] Giuseppe Bertelli.$0(OLS)http://semarc/subject/51380 650 4$aDemocrazia Cristiana <1943-1994>.$0(OLS)http://semarc/subject/1963 850 $aSeMil 852 $aSeMil$W1$xVenegono$y1$m3N III 48$j242088$B191912$CSeMilBibl$Z2$F202701 $81 996 $6245$aDemocrazia Cristiana$9(OLS)http://semarc/title/444781 996 $6264$aTorino :$bTipografia salesiana$9(OLS)http://semarc/publisher/37035 LEADER 01266nam a2200289 i 4500 001 000000161527 003 CaOOAMICUS 005 20260309114301.0 008 070521s1956 it u000 u ita u 013 $a138890 040 $aSeMil$bita 240 10$aEvangile selon Saint Luc.$0(OLS)http://semarc/title/144670 245 10$aVangelo secondo San Luca /$ccommento di Alberto Valensin e Giuseppe Huby ; [traduzione di Umberto Massi]. 260 $aRoma :$bStudium,$c1956. 300 $a495 p. ;$c18 cm. 490 0 $aVerbum Salutis 650 4$aBibbia. Nuovo Testamento. Vangelo secondo Luca - Commentari, studi, critica, interpretazioni.$0(OLS)http://semarc/subject/142 700 1 $aValensin, Albert <1873-1944>.$0(OLS)http://semarc/name/20511 700 1 $aMassi, Umberto.$0(OLS)http://semarc/name/17556 700 1 $aHuby, Joseph .$0(OLS)http://semarc/name/7530 830 0$aVerbum Salutis.$0(OLS)http://semarc/title/13440 850 $aSeMil 852 $aSeMil$W1$xVenegono$y1$m2VA VII 89$j268142$B112922$CSeMilBibl$Z2$F124325 $81 961 $aLascito: Fumagalli don Enrico 996 $6245$aVangelo secondo San Luca$9(OLS)http://semarc/title/144669 996 $6260$aRoma :$bStudium$9(OLS)http://semarc/publisher/29617